| 000 | 01181pab a2200145 454500 | ||
|---|---|---|---|
| 008 | 180718b xxu||||| |||| 00| 0 eng d | ||
| 100 | _aFrederickson H. George | ||
| 245 | _aCan public officials correctly be said to have obligations to future generations? | ||
| 362 | _a54(5), Sep-Oct 1994, p.457-64 | ||
| 520 | _aCan public officials correctly be said to have obligations to future generations? Issue of international fairness are all around us. Begining with the American Oath, the author reviews moral, philosophical, and empirical arguments about the obligations of public officials toward future generations. A review of philosophers, both ancient and contemporary, finds general agreeement that temporal generations have moral responsibilities towards both their children (near term future generations through time). Using the compound theory of social equity, the author finds many examle of intergene rational equity in making and implementing of public policy. Findily, he calls for a moral community in public administrati | ||
| 650 | _a Public Officers -- U.S.A. | ||
| 650 | _aOfficials and Employees -- U.S.A. | ||
| 773 | _aPublic Administration Review | ||
| 909 | _a27464 | ||
| 999 |
_c27464 _d27464 |
||